00226 a2200085 4500020001500000040000800015245003300023260005300056300003100109 a1888777923 aDLC04aThe 21st century world atlas aNew York :bTrident press international,c[1999] a751 s.a(751 s.) :bkartor